000
00443nam a2200169Ia 4500
008
090711s9999 xx 000 0 und d
082
_b
37098
100
_a
रोहेकर ए. ना.
245
_a
हिंदोल
260
_c
1977
300
_a
136
600
_a
रोहेकर ए. ना.
630
_a
हिंदोल
700
_a
रोहेकर ए. ना.
730
_a
हिंदोल
942
_c
BOOK
999
_c
287633
_d
287633